| 000 | 00559nam a22002057a 4500 | ||
|---|---|---|---|
| 003 | OSt | ||
| 005 | 20140310183115.0 | ||
| 008 | 130419t xxu||||| |||| 00| 0 eng d | ||
| 020 | _a9719103006 | ||
| 050 |
_aBX 1659 _b.T689 1997 |
||
| 082 |
_aFIL 242 _bT63 1997 |
||
| 245 |
_aFaith enshrined : _bchurches of Pangasinan / |
||
| 260 |
_aMakati City : _bTower Book House , _cc1997. |
||
| 300 |
_a185 p. : _bill. (some col.), col. maps ; _c31 cm. |
||
| 521 | _aCollege | ||
| 526 | _c1210L-1700L | ||
| 541 | _j1 | ||
| 562 | _e1 | ||
| 942 |
_2lcc _cBK |
||
| 999 |
_c18886 _d18886 |
||